000 01083cam a2200325 a 4500
001 16193759
003 OSt
005 20211109122249.0
008 100419s2010 vaua b 001 0 eng
010 _a 2010012948
020 _a9780470058190
035 _a(OCoLC)ocn608490874
038 _akhadija
040 _aDLC
_cDLC
_dRCMS
_dC#P
_dFER
_dYDXCP
_dCDX
_dDEBBG
_dDLC
050 0 0 _a632.74 AUS
082 0 0 _a623.7469 AUS
100 1 _aReg Austin
_91418
245 1 0 _aUnmanned aircraft systems :
_bUAVs design, development and deployment /
_cReg Austin.
260 _aReston, Va. :
_bAmerican Institute of Aeronautics and Astronautics ;
_aChichester :
_bWiley,
_cc2010.
300 _axxix, 332 p. :
_bill. ;
_c26 cm.
490 1 _aAIAA education series
538 _iShelf # 12, Row # 4, System Engineering.
563 _ahardcover
650 0 _aDrone aircraft.
_91419
650 0 _aAirplanes
_xRadio control.
_91420
650 0 _aNavigation (Aeronautics)
_91421
830 0 _aAIAA education series.
_91422
856 _3Table of Contents Only.
942 _2ddc
_cBK
_k632.74 AUS
999 _c32649
_d32649